1363 1726 1756 1501 1613 1531 1884 1777 1467 1768 1225 1711 1167 1478 1801 1426 1506 1249 1691 1380 1432 1745 1151 1075 1987 1466 1126 1280 1027 1357 1306 1992 1935 1074 1993 1929 1365 1739 1195 1134 1658 1393 1777 1076 1431 1633 1217 1550 1867 1777 1078 1282 1379 1960 1836 1756 1694 1276 1822 1276 1787 1991 1533 1155 1164 1258 1638 1686 1561 1590 1739 1890 1494 1904 1520 1568 1088 1310 1098 1021 1398 1504 1819 1052 1836 1777 1989 1006 1833 1798 1089 1659 1924 1800 1435 1283 1099 1870 1978 BCNSPRNW ULIB Ver.6.0+V

เปลี่ยนเป็นภาษาไทย

Change to English
 แสดงรายละเอียดบรรณานุกรม
  กลับหน้าหลัก

Brief Record : Get Marc (ISO 2709) : E-mail record : QR code < ปิดหน้าต่าง
LEADER : 00000nam 2200000uu 4500
001    13399127183
003     ULIB
008    191021s2561||||th 000 0 tha d
020 ^- ^a9786160034796
050 ^- ^aนว.^bณ149ห
100 ^- ^aณพรรษธ์สรฌ์.
245 10 ^aหวานร้ายละลายรัก /^cณพรรษธ์สรฌ์.
250 ^- ^aพิมพ์ครั้งที่ 1.
260 ^- ^aกรุงเทพฯ :^bบริษัทสถาพรบุ๊คส์ จำกัด,^c2561
300 ^- ^a327 หน้า.
945    ^p230^l0^i27875
999    ^aกัณชพร จุลอักษร
รายการนี้ยังไม่มีแท็ก
คุณยังไม่ได้ล็อกอิน คุณสามารถมีกิจกรรมร่วมกับเว็บไซต์ได้ แต่ต้องล็อกอินก่อน ::
  ล็อกอิน

รายการสื่อสารสนเทศ

ลำดับที่ ประเภท เลขเรียก/บาร์โค้ด สถานที่ สถานะ
1. วิทยาศาสตร์การแพทย์ และสุขภาพ
วิทยาศาสตร์การแพทย์ และสุขภาพ
นว. ณ149ห ฉ.1 
  Barcode: 27875
ห้องสมุดวิทยาเขตนครสวรรค์
►นวนิยาย:l:Fiction
บนชั้น

รายการใกล้เคียง
    ผู้แต่ง [ณพรรษธ์สรฌ์.]

BibComment


ยังไม่เคยถูกคอมเมนท์

คอมเมนท์ทรัพยากรรายการนี้
  คอมเมนท์: หวานร้ายละลายรัก..


 Copyright 2026. Bcnsprnw @Library